Logo BPK

Biblioteka

Politechniki Koszalińskiej

Model matematyczny dyspresji w układach przepływowych / (Rekord nr 29410)

Szczegóły MARC
000 -ETYKIETA REKORDU
podpole kontrolne o stałej długości 00333nam a2200133 i 4500
001 - NUMER KONTROLNY REKORDU
pole kontrolne bg
040 ## - ŹRÓDŁO KATALOGOWANIA
Instytucja, która utworzyła rekord BPK
041 ## - KOD JĘZYKA
Kod języka tekstu pol
008 - POLE O STAŁEJ DŁUGOŚCI - DANE KONTROLNE
podpole kontrolne o stałej długości s pl f |000 0 pol
100 1# - NAZWA OSOBOWA
Nazwa osobowa KOŁEK, Andrzej
245 #0 - TYTUŁ/ODPOWIEDZIALNOŚĆ
Tytuł Model matematyczny dyspresji w układach przepływowych /
Pozostałe elementy strefy tytułu i oznaczenia odpowiedzialności A. Kołek.
260 ## - STREFA ADRESU WYDAWNICZEGO
Miejsce wydania Wrocław,
Data publikacji, dystrybucji/powstania dokumentu 1990.
856 ## - LOKALIZACJA I DOSTĘP DO ELEKTRONICZNYCH DOKUMENTÓW ZDALNYCH
Link (URL) http://koha.tu.koszalin.pl/cgi-bin/koha/opac-detail.pl?biblionumber=29410
Tekst linku Katalog online BPK
942 ## - DODATKOWE ELEMENTY (KOHA)
Typ dokumentu Książka
Egzemplarze
Wycofany Status egzemplarza Uszkodzony Dostępność Lokalizacja stała Lokalizacja bieżąca Miejsce przechowywania Sygnatura Kod kreskowy Typ dokumentu
      Dostępny Biblioteka Politechniki Koszalińskiej Biblioteka Politechniki Koszalińskiej Wypożyczalnia BG 35579 01608229 Książka
© 2023 Biblioteka Politechniki Koszalińskiej :: KOHA